[Event "FIDE Open World Blitz 2021"]
[Site "Warsaw"]
[Date "2021.12.29"]
[Round "10.35"]
[White "Blanco Acevedo, Cristobal Jose"]
[Black "Laith, Kasib"]
[Result "1-0"]
[WhiteElo "2350"]
[BlackElo "2010"]
[Annotator "NA"]
[PlyCount "79"]
[EventDate "2021.12.29"]
[EventType "swiss"]
[EventCountry "POL"]
[Tiebreak "Cut1 Buchholz"]
[SourceTitle "playchess.com"]
[Source "ChessBase"]
[SourceQuality "1"]

1. d4 Nf6 2. Nf3 d6 3. Bg5 Nbd7 4. Nbd2 g6 5. e4 Bg7 6. h3 h6 7. Be3 e5 8. c3
O-O 9. Qc2 Re8 10. d5 c5 11. a4 Rf8 12. g4 Ne8 13. Bd3 Ndf6 14. g5 hxg5 15.
Bxg5 Qc7 16. Be2 Nh7 17. h4 f5 18. O-O-O a6 19. Rdg1 b5 20. h5 gxh5 21. Rxh5
Qf7 22. Nh4 fxe4 23. Nxe4 Bf5 24. Nxf5 Qxf5 25. Bd3 Nxg5 26. Rhxg5 Qf4+ 27. Kb1
c4 28. Be2 Ra7 29. Bh5 bxa4 30. Bxe8 Rxe8 31. Nxd6 Rf8 32. Nf5 Raf7 33. Nh6+
Kh8 34. Nxf7+ Rxf7 35. Qg6 Qxf2 36. Rh1+ Kg8 37. d6 Kf8 38. d7 Rxd7 39. Rf5+
Kg8 40. Rxf2 1-0

[Event "FIDE Open World Blitz 2021"]
[Site "Warsaw"]
[Date "2021.12.29"]
[Round "10.36"]
[White "Harikrishna, Pentala"]
[Black "Jumabayev, Rinat"]
[Result "1/2-1/2"]
[WhiteElo "2614"]
[BlackElo "2658"]
[Annotator "ChessBase"]
[PlyCount "99"]
[EventDate "2021.12.29"]
[EventType "swiss"]
[EventCountry "POL"]
[Tiebreak "Cut1 Buchholz"]
[SourceTitle "playchess.com"]
[Source "ChessBase"]
[SourceQuality "1"]

1. e4 e6 2. d4 d5 3. Nd2 c5 4. Ngf3 cxd4 5. exd5 Qxd5 6. Bc4 Qd7 7. O-O Nf6 8.
Nb3 a6 9. Bf4 Nc6 10. Nbxd4 Nxd4 11. Nxd4 b5 12. Be2 Bb7 13. Bf3 Rd8 14. c3 Be7
15. Bxb7 Qxb7 16. Qf3 Qxf3 17. Nxf3 Nd5 18. Bd2 Nb6 19. b3 Bf6 20. Rac1 Rc8 21.
c4 bxc4 22. Ba5 Nd7 23. Nd2 Ne5 24. Rc2 O-O 25. Nxc4 Nxc4 26. Rxc4 Rxc4 27.
bxc4 Bd4 28. Rb1 Rc8 29. Bc7 f5 30. Rb7 e5 31. Kf1 e4 32. Ke2 h5 33. h4 Kh7 34.
f3 Kg6 35. fxe4 fxe4 36. a4 Kf5 37. a5 g6 38. g3 Kg4 39. Bb6 Rxc4 40. Bxd4 Rxd4
41. Rb6 Kxg3 42. Ke3 Ra4 43. Rxg6+ Kxh4 44. Rxa6 Kg3 45. Ra8 h4 46. a6 h3 47.
a7 Kh2 48. Kf4 Kh1 49. Rh8 Rxa7 50. Rxh3+ 1/2-1/2

[Event "FIDE Open World Blitz 2021"]
[Site "Warsaw"]
[Date "2021.12.29"]
[Round "10.36"]
[White "Lopusiewicz, Piotr"]
[Black "Baum, Jonasz"]
[Result "1-0"]
[WhiteElo "2279"]
[BlackElo "2157"]
[Annotator "NA"]
[PlyCount "65"]
[EventDate "2021.12.29"]
[EventType "swiss"]
[EventCountry "POL"]
[Tiebreak "Cut1 Buchholz"]
[SourceTitle "playchess.com"]
[Source "ChessBase"]
[SourceQuality "1"]

1. d4 Nf6 2. c4 e6 3. Nf3 d5 4. Nc3 dxc4 5. e4 b5 6. Nxb5 Nxe4 7. Qa4 Bd7 8.
Qxc4 Nc6 9. Bd3 Bb4+ 10. Nc3 Nxc3 11. bxc3 Bd6 12. Qb3 Rb8 13. Qc2 h6 14. O-O
O-O 15. Re1 Qf6 16. Qe2 Bf4 17. Qe4 Qg6 18. Bxf4 Qxe4 19. Bxe4 Na5 20. Bxc7 Rb5
21. Bd3 Rh5 22. g4 Rh3 23. Kg2 Rxf3 24. Kxf3 Nb7 25. Rab1 f5 26. gxf5 exf5 27.
d5 Nc5 28. Bc2 g5 29. Bd6 Rc8 30. Rb8 Rxb8 31. Bxb8 Kf7 32. Bd6 Nb7 33. Re7+
1-0

[Event "FIDE Open World Blitz 2021"]
[Site "Warsaw"]
[Date "2021.12.29"]
[Round "10.37"]
[White "Mitrabha, Guha"]
[Black "Matlakov, Maxim"]
[Result "0-1"]
[WhiteElo "2370"]
[BlackElo "2614"]
[Annotator "ChessBase"]
[PlyCount "46"]
[EventDate "2021.12.29"]
[EventType "swiss"]
[EventCountry "POL"]
[Tiebreak "Cut1 Buchholz"]
[SourceTitle "playchess.com"]
[Source "ChessBase"]
[SourceQuality "1"]

1. d4 Nf6 2. c4 e6 3. g3 Bb4+ 4. Nd2 O-O 5. Bg2 d5 6. Ngf3 dxc4 7. Qc2 a5 8.
O-O b5 9. a3 Bxd2 10. Bxd2 Bb7 11. a4 Be4 12. Qc1 c6 13. Qe1 b4 14. Qc1 Qd5 15.
Bg5 Nbd7 16. Rd1 h6 17. Bxf6 Nxf6 18. Qf4 Rfd8 19. Rac1 Rac8 20. Ne1 c5 21.
Bxe4 Nxe4 22. f3 Ng5 23. Kg2 cxd4 0-1

[Event "FIDE Open World Blitz 2021"]
[Site "Warsaw"]
[Date "2021.12.29"]
[Round "10.37"]
[White "Sallam, Sabri Abdul-Mawla"]
[Black "Yunusov, Mukhammad"]
[Result "1-0"]
[WhiteElo "2194"]
[BlackElo "1874"]
[Annotator "NA"]
[PlyCount "89"]
[EventDate "2021.12.29"]
[EventType "swiss"]
[EventCountry "POL"]
[Tiebreak "Cut1 Buchholz"]
[SourceTitle "playchess.com"]
[Source "ChessBase"]
[SourceQuality "1"]

1. d4 d5 2. c4 c6 3. Nc3 Nf6 4. Nf3 a6 5. e3 b5 6. b3 Bg4 7. Be2 Nbd7 8. O-O e6
9. h3 Bxf3 10. Bxf3 Be7 11. Qe2 O-O 12. Rd1 Bb4 13. Bb2 Qe7 14. e4 dxe4 15.
Nxe4 Rac8 16. Nxf6+ Nxf6 17. d5 exd5 18. Qxe7 Bxe7 19. cxd5 cxd5 20. Bxd5 Nxd5
21. Rxd5 Rc2 22. Bd4 Rfc8 23. Be3 h6 24. a4 bxa4 25. Rxa4 Rb8 26. Rxa6 Rxb3 27.
Ra8+ Kh7 28. Ra7 Bf6 29. Rxf7 Rb1+ 30. Kh2 Rbb2 31. Rdd7 Kg6 32. Kg3 Rb3 33.
Kf3 Rc4 34. g4 Ra4 35. Ra7 Rc4 36. Rfc7 Rcb4 37. Rc6 Kh7 38. Rxf6 Kg8 39. Rc6
Rb8 40. Rcc7 g5 41. Rg7+ Kf8 42. Rh7 Kg8 43. Rag7+ Kf8 44. Rc7 Ra8 45. Rh8# 1-0

[Event "FIDE Open World Blitz 2021"]
[Site "Warsaw"]
[Date "2021.12.29"]
[Round "10.38"]
[White "Michalik, Peter"]
[Black "Donchenko, Alexander"]
[Result "1/2-1/2"]
[WhiteElo "2605"]
[BlackElo "2645"]
[Annotator "ChessBase"]
[PlyCount "112"]
[EventDate "2021.12.29"]
[EventType "swiss"]
[EventCountry "POL"]
[Tiebreak "Cut1 Buchholz"]
[SourceTitle "playchess.com"]
[Source "ChessBase"]
[SourceQuality "1"]

1. e4 c6 2. Nf3 d5 3. d3 dxe4 4. dxe4 Qxd1+ 5. Kxd1 Nf6 6. Nbd2 g6 7. Ne5 Bg7
8. Nd3 Nbd7 9. f3 h5 10. a4 h4 11. c3 Nh5 12. Kc2 Ne5 13. Nxe5 Bxe5 14. Nc4 Bc7
15. Be3 Be6 16. a5 Nf4 17. Nd2 f6 18. Rg1 Nh5 19. Rh1 Kf7 20. Bc4 Bf4 21. Bxe6+
Kxe6 22. Bf2 g5 23. Nb3 Bd6 24. Nd4+ Kf7 25. a6 Rhb8 26. axb7 Rxb7 27. Nxc6 a6
28. Nd4 Nf4 29. Rhg1 Ng6 30. h3 Ne5 31. Ra4 Rab8 32. b3 Bc5 33. Rxa6 Bxd4 34.
cxd4 Rxb3 35. dxe5 Rb2+ 36. Kc3 Rxf2 37. e6+ Kf8 38. Rc6 Rd8 39. Ra6 Re2 40.
Rb6 Re3+ 41. Kc4 Re2 42. Kc3 Ra2 43. Rc6 Rdd2 44. Rc8+ Kg7 45. Re8 Rac2+ 46.
Kb3 Rc7 47. Rb8 Rd3+ 48. Kb2 Rd6 49. Rc1 Rd2+ 50. Kb1 Rxc1+ 51. Kxc1 Rd6 52.
Rb5 Rxe6 53. Kd2 Ra6 54. Rb2 Kg6 55. Ke2 Rc6 56. Kf2 Ra6 1/2-1/2

[Event "FIDE Open World Blitz 2021"]
[Site "Warsaw"]
[Date "2021.12.29"]
[Round "10.39"]
[White "Durarbayli, Vasif"]
[Black "Klimkowski, Jan"]
[Result "1-0"]
[WhiteElo "2599"]
[BlackElo "2015"]
[Annotator "ChessBase"]
[PlyCount "71"]
[EventDate "2021.12.29"]
[EventType "swiss"]
[EventCountry "POL"]
[Tiebreak "Cut1 Buchholz"]
[SourceTitle "playchess.com"]
[Source "ChessBase"]
[SourceQuality "1"]

1. e4 c5 2. Nf3 d6 3. d4 cxd4 4. Nxd4 Nf6 5. Nc3 a6 6. h4 e6 7. g4 b5 8. g5
Nfd7 9. a3 Bb7 10. h5 Nc6 11. Rg1 Nxd4 12. Qxd4 Ne5 13. Be2 Qc7 14. h6 O-O-O
15. Be3 Rg8 16. O-O-O gxh6 17. gxh6 Be7 18. f4 Nc6 19. Qd3 Bf6 20. Bh5 Rxg1 21.
Rxg1 Na5 22. Bd4 e5 23. fxe5 dxe5 24. Qh3+ Kb8 25. Bf2 Nc4 26. Qf3 Qd6 27. Nd5
Bxd5 28. exd5 Nxb2 29. Qe3 Nc4 30. Qa7+ Kc8 31. Bg4+ Rd7 32. Bxd7+ Qxd7 33.
Qxa6+ Qb7 34. Qxf6 Qxd5 35. Rd1 Qe4 36. Qd8+ 1-0

[Event "FIDE Open World Blitz 2021"]
[Site "Warsaw"]
[Date "2021.12.29"]
[Round "10.40"]
[White "Thybo, Jesper Sondergaard"]
[Black "Sjugirov, Sanan"]
[Result "0-1"]
[WhiteElo "2195"]
[BlackElo "2589"]
[Annotator "ChessBase"]
[PlyCount "118"]
[EventDate "2021.12.29"]
[EventType "swiss"]
[EventCountry "POL"]
[Tiebreak "Cut1 Buchholz"]
[SourceTitle "playchess.com"]
[Source "ChessBase"]
[SourceQuality "1"]

1. d4 d5 2. c4 e6 3. Nf3 Nf6 4. g3 Bb4+ 5. Bd2 Be7 6. Bg2 O-O 7. O-O c6 8. Qc2
b6 9. Rd1 Nbd7 10. Bf4 Bb7 11. Ne5 Rc8 12. cxd5 cxd5 13. Nc3 a6 14. Qb3 b5 15.
a4 b4 16. a5 Nxe5 17. dxe5 Nd7 18. Na2 Qxa5 19. e4 Nc5 20. Qxb4 Qxb4 21. Nxb4
d4 22. Nd3 Nb3 23. Ra4 Rc2 24. Bf1 a5 25. h4 Rfc8 26. Ra2 Bxe4 27. Ne1 R2c6 28.
Bd3 Bd5 29. h5 g5 30. hxg6 hxg6 31. g4 Kg7 32. g5 Bb4 33. f3 Bxe1 34. Rxe1 Nc1
35. Ra3 Nb3 36. Kf2 Nc5 37. Bf1 Rb6 38. Rb1 a4 39. Raa1 Rcb8 40. Bc1 Nb3 41.
Rxa4 Nxc1 42. Rxc1 Rxb2+ 43. Kg3 R8b3 44. Bg2 d3 45. Rd4 Re2 46. Rd1 Rxe5 47.
R4xd3 Rxg5+ 48. Kf2 Rb2+ 49. R1d2 Rxd2+ 50. Rxd2 Rh5 51. Kg3 Rh8 52. Rb2 g5 53.
Re2 Rb8 54. Rc2 Kf6 55. Rd2 Rb3 56. Re2 Ra3 57. Rb2 Kg6 58. Rd2 f5 59. Rb2 g4
0-1

[Event "FIDE Open World Blitz 2021"]
[Site "Warsaw"]
[Date "2021.12.29"]
[Round "10.41"]
[White "Wojtaszek, Radoslaw"]
[Black "Blohberger, Felix"]
[Result "1/2-1/2"]
[WhiteElo "2700"]
[BlackElo "2490"]
[Annotator "ChessBase"]
[PlyCount "89"]
[EventDate "2021.12.29"]
[EventType "swiss"]
[EventCountry "POL"]
[Tiebreak "Cut1 Buchholz"]
[SourceTitle "playchess.com"]
[Source "ChessBase"]
[SourceQuality "1"]

1. c4 e6 2. Nc3 Bb4 3. Qc2 Nc6 4. e3 Nf6 5. Nf3 O-O 6. a3 Bxc3 7. Qxc3 d6 8. d4
e5 9. d5 Ne7 10. Nd2 Bf5 11. Be2 c6 12. dxc6 Nxc6 13. b4 d5 14. cxd5 Nxd5 15.
Qb3 Be6 16. Qb2 Rc8 17. Ne4 Nf6 18. Nc5 Bd5 19. O-O b6 20. Nd3 Bc4 21. Rd1 Qe7
22. Bd2 Rfd8 23. Be1 e4 24. Nf4 Bxe2 25. Rxd8+ Rxd8 26. Nxe2 Ng4 27. Ng3 Nce5
28. h3 Nd3 29. Qe2 Nxe1 30. Rxe1 Nf6 31. Qc4 g6 32. Rc1 Kg7 33. Ne2 h5 34. Nd4
Rd7 35. Qc8 Rd8 36. Qc7 Rd7 37. Qg3 Kh7 38. Rc6 Nd5 39. Rc8 Rc7 40. Rxc7 Qxc7
41. Qh4 Qc1+ 42. Kh2 Qc7+ 43. Kg1 Qc1+ 44. Kh2 Qc7+ 45. Kg1 1/2-1/2

[Event "FIDE Open World Blitz 2021"]
[Site "Warsaw"]
[Date "2021.12.29"]
[Round "10.42"]
[White "Dreev, Aleksey"]
[Black "Gareyev, Timur"]
[Result "1-0"]
[WhiteElo "2635"]
[BlackElo "2583"]
[Annotator "ChessBase"]
[PlyCount "79"]
[EventDate "2021.12.29"]
[EventType "swiss"]
[EventCountry "POL"]
[Tiebreak "Cut1 Buchholz"]
[SourceTitle "playchess.com"]
[Source "ChessBase"]
[SourceQuality "1"]

1. d4 d6 2. e4 Nf6 3. Nc3 a6 4. Nf3 Nc6 5. Bg5 Bg4 6. Be2 g6 7. O-O Bg7 8. Qd2
O-O 9. Rad1 Nd7 10. d5 Bxf3 11. Bxf3 Nd4 12. Bg4 Ne5 13. h3 h5 14. Be2 c5 15.
f4 Nd7 16. e5 dxe5 17. d6 f6 18. Bc4+ Kh7 19. dxe7 Qxe7 20. Nd5 Qd6 21. fxe5
Nxe5 22. Bf4 b5 23. Bb3 Rad8 24. c3 Nxb3 25. axb3 Qe6 26. Rfe1 Rfe8 27. Bxe5
fxe5 28. Re4 c4 29. bxc4 bxc4 30. Rxc4 Bh6 31. Rc7+ Re7 32. Rxe7+ Qxe7 33. Nf6+
Qxf6 34. Qxd8 Be3+ 35. Kh1 Qxd8 36. Rxd8 Bc1 37. b3 e4 38. Kg1 Ba3 39. Kf1 Kg7
40. Ra8 1-0

[Event "FIDE Open World Blitz 2021"]
[Site "Warsaw"]
[Date "2021.12.29"]
[Round "10.43"]
[White "Hovhannisyan, Robert"]
[Black "Saraci, Nderim"]
[Result "1-0"]
[WhiteElo "2622"]
[BlackElo "2486"]
[Annotator "ChessBase"]
[PlyCount "123"]
[EventDate "2021.12.29"]
[EventType "swiss"]
[EventCountry "POL"]
[Tiebreak "Cut1 Buchholz"]
[SourceTitle "playchess.com"]
[Source "ChessBase"]
[SourceQuality "1"]

1. e4 e5 2. Nf3 Nc6 3. Bb5 a6 4. Ba4 g6 5. c3 d6 6. d4 Bd7 7. d5 Nce7 8. c4
Bxa4 9. Qxa4+ Qd7 10. Qxd7+ Kxd7 11. Nc3 h6 12. h4 f5 13. h5 g5 14. exf5 Nxf5
15. Ne4 Bg7 16. Be3 Nf6 17. Nfd2 c6 18. Nxf6+ Bxf6 19. Ne4 Be7 20. Ke2 Rhf8 21.
Rad1 g4 22. Rd3 cxd5 23. Rxd5 Ke6 24. Rhd1 Rac8 25. b3 Rc6 26. a4 Rb8 27. f3
Rg8 28. f4 exf4 29. Bxf4 g3 30. R1d3 Rg4 31. Kf3 Rh4 32. Nxg3 Nxg3 33. Bxg3 Rh1
34. Bf4 Bf8 35. Re3+ Kd7 36. Rf5 Rc8 37. g3 Rb1 38. Rf7+ Kc6 39. Rf6 Rf1+ 40.
Kg4 b5 41. axb5+ axb5 42. Rd3 bxc4 43. bxc4 Rd8 44. Rg6 Kc5 45. Bxh6 Bxh6 46.
Rxh6 Rc1 47. Rd5+ Kc6 48. Rd4 Kc5 49. Rf4 Rxc4 50. Rxc4+ Kxc4 51. Kf5 d5 52.
Rc6+ Kb3 53. g4 d4 54. Rc1 d3 55. h6 d2 56. Rd1 Kc2 57. Rxd2+ Rxd2 58. g5 Rh2
59. Kg6 Kd3 60. Kh7 Ke4 61. g6 Kf5 62. g7 1-0

[Event "FIDE Open World Blitz 2021"]
[Site "Warsaw"]
[Date "2021.12.29"]
[Round "10.44"]
[White "Yuffa, Daniil"]
[Black "Pichot, Alan"]
[Result "1-0"]
[WhiteElo "2567"]
[BlackElo "2630"]
[Annotator "ChessBase"]
[PlyCount "95"]
[EventDate "2021.12.29"]
[EventType "swiss"]
[EventCountry "POL"]
[Tiebreak "Cut1 Buchholz"]
[SourceTitle "playchess.com"]
[Source "ChessBase"]
[SourceQuality "1"]

1. d4 Nf6 2. c4 e6 3. g3 d5 4. Bg2 Be7 5. Nf3 O-O 6. Qc2 c5 7. dxc5 d4 8. b4 a5
9. b5 Bxc5 10. Nbd2 Nbd7 11. Nb3 Bb4+ 12. Bd2 Bxd2+ 13. Nfxd2 a4 14. Nxd4 Nc5
15. Qc3 e5 16. Nc2 Bf5 17. Ne3 Bg6 18. Qxe5 Rc8 19. Rd1 Re8 20. Qc3 Qe7 21. O-O
h6 22. Rfe1 Rcd8 23. Nd5 Nxd5 24. cxd5 Rc8 25. Qa3 Qf6 26. e4 Nd7 27. Qxa4 Ne5
28. Qd4 Rc2 29. f4 Nd7 30. Qxf6 Nxf6 31. e5 Nd7 32. Be4 Bxe4 33. Nxe4 Ra8 34.
Rd2 Rxd2 35. Nxd2 Rxa2 36. Ne4 Ra4 37. d6 Kf8 38. Rc1 Nb6 39. Nc5 Ra8 40. Nxb7
Rb8 41. Rc7 Nd5 42. Nc5 Ra8 43. b6 Nxb6 44. Nd7+ Nxd7 45. Rxd7 g6 46. Rc7 Kg8
47. Kg2 Kf8 48. Kf3 1-0

[Event "FIDE Open World Blitz 2021"]
[Site "Warsaw"]
[Date "2021.12.29"]
[Round "10.45"]
[White "Riazantsev, Alexander"]
[Black "Sychev, Klementy"]
[Result "1-0"]
[WhiteElo "2634"]
[BlackElo "2615"]
[Annotator "ChessBase"]
[PlyCount "77"]
[EventDate "2021.12.29"]
[EventType "swiss"]
[EventCountry "POL"]
[Tiebreak "Cut1 Buchholz"]
[SourceTitle "playchess.com"]
[Source "ChessBase"]
[SourceQuality "1"]

1. d4 Nf6 2. c4 e6 3. Nc3 Bb4 4. e3 O-O 5. Nf3 d5 6. Bd3 c5 7. cxd5 exd5 8.
dxc5 Nbd7 9. O-O Nxc5 10. Ne2 Nxd3 11. Qxd3 Bg4 12. b3 Ne4 13. Nf4 Bxf3 14.
gxf3 Ng5 15. Qxd5 Qf6 16. Bb2 Nxf3+ 17. Qxf3 Qxb2 18. Qxb7 Bd6 19. Nd3 Qf6 20.
Rad1 Rab8 21. Qg2 Rb5 22. f4 Re8 23. Qc6 Rbb8 24. Nf2 Re6 25. Qf3 Bc5 26. Rd3
Rbe8 27. Re1 h6 28. Kh1 Qb2 29. Ng4 Qxa2 30. Ne5 Bd6 31. Nc4 Bb8 32. Rg1 Qc2
33. Qd5 Qe2 34. Rd2 Rxe3 35. Rxe2 Rxe2 36. Qd4 g6 37. Rf1 R2e4 38. Qd7 Bxf4 39.
Rxf4 1-0

[Event "FIDE Open World Blitz 2021"]
[Site "Warsaw"]
[Date "2021.12.29"]
[Round "10.46"]
[White "Kozak, Adam"]
[Black "Indjic, Aleksandar"]
[Result "0-1"]
[WhiteElo "2532"]
[BlackElo "2603"]
[Annotator "ChessBase"]
[PlyCount "82"]
[EventDate "2021.12.29"]
[EventType "swiss"]
[EventCountry "POL"]
[Tiebreak "Cut1 Buchholz"]
[SourceTitle "playchess.com"]
[Source "ChessBase"]
[SourceQuality "1"]

1. Nf3 d5 2. g3 Bg4 3. Bg2 Nd7 4. d4 e6 5. h3 Bh5 6. O-O c6 7. c4 Bd6 8. Nc3
Ngf6 9. Qb3 Rb8 10. Nd2 O-O 11. e4 c5 12. exd5 cxd4 13. Nce4 Nc5 14. Nxc5 Bxc5
15. Qb5 b6 16. Nb3 a6 17. Qxa6 exd5 18. Bg5 Be2 19. Nxc5 bxc5 20. Bxf6 Qxf6 21.
Qxf6 gxf6 22. Rfe1 Rxb2 23. Bxd5 d3 24. a4 Rd8 25. a5 Rxd5 26. cxd5 Rb8 27. d6
c4 28. a6 c3 29. a7 Ra8 30. d7 Kg7 31. Rac1 d2 32. Ra1 dxe1=Q+ 33. Rxe1 c2 34.
Kh2 Bb5 35. Re8 c1=Q 36. Rxa8 Bc6 37. Rg8+ Kh6 38. f3 Qd2+ 39. Kg1 Qe1+ 40. Kg2
Qe2+ 41. Kg1 Bxf3 0-1

[Event "FIDE Open World Blitz 2021"]
[Site "Warsaw"]
[Date "2021.12.29"]
[Round "10.47"]
[White "Teclaf, Pawel"]
[Black "Petrosian, Tigran L."]
[Result "0-1"]
[WhiteElo "2543"]
[BlackElo "2602"]
[Annotator "ChessBase"]
[PlyCount "120"]
[EventDate "2021.12.29"]
[EventType "swiss"]
[EventCountry "POL"]
[Tiebreak "Cut1 Buchholz"]
[SourceTitle "playchess.com"]
[Source "ChessBase"]
[SourceQuality "1"]

1. e4 g6 2. d4 Bg7 3. Nc3 a6 4. h4 h6 5. Be3 b5 6. Qd2 Bb7 7. f3 d6 8. Nh3 Nd7
9. Nf4 Rc8 10. O-O-O c5 11. dxc5 Nxc5 12. Kb1 Qa5 13. Bd4 Nf6 14. g4 Ncd7 15.
h5 e5 16. Be3 exf4 17. Bxf4 Rxc3 18. bxc3 O-O 19. Bxh6 Nxe4 20. fxe4 Bxc3 21.
Qxd6 Be5 22. Bd2 b4 23. Qxb4 Qc7 24. hxg6 Rb8 25. gxf7+ Kxf7 26. Bc4+ Bd5 27.
Bxd5+ Kg6 28. Qxb8 Qxb8+ 29. Bb3 Nf6 30. Rh6+ Kg7 31. Rdh1 Qd8 32. g5 Qxd2 33.
gxf6+ Bxf6 34. Rh7+ Kg6 35. R7h6+ Kg7 36. Rh7+ Kg6 37. Bf7+ Kg5 38. R7h5+ Kg4
39. Be6+ Kg3 40. R1h3+ Kf4 41. Rf5+ Kxe4 42. Rxf6 Qd1+ 43. Kb2 Qd4+ 44. Kb1
Qxf6 45. Bc4 Kd4 46. Bd3 a5 47. Rg3 Qe6 48. Kb2 Qb6+ 49. Kc1 Qe6 50. Kb2 Qb6+
51. Kc1 Kc3 52. Be4+ Kd4 53. Bd3 Qc7 54. Rg4+ Ke3 55. Re4+ Kf3 56. a4 Qc3 57.
Kb1 Qa3 58. Rc4 Ke3 59. Re4+ Kd2 60. Re2+ Kc3 0-1

[Event "FIDE Open World Blitz 2021"]
[Site "Warsaw"]
[Date "2021.12.29"]
[Round "10.48"]
[White "Faizrakhmanov, Ramil"]
[Black "Christiansen, Johan-Sebastian"]
[Result "1-0"]
[WhiteElo "2396"]
[BlackElo "2593"]
[Annotator "ChessBase"]
[PlyCount "117"]
[EventDate "2021.12.29"]
[EventType "swiss"]
[EventCountry "POL"]
[Tiebreak "Cut1 Buchholz"]
[SourceTitle "playchess.com"]
[Source "ChessBase"]
[SourceQuality "1"]

1. d4 d5 2. c4 dxc4 3. Nf3 Nf6 4. e3 b5 5. a4 b4 6. Bxc4 e6 7. O-O Be7 8. Qe2
Bb7 9. a5 a6 10. Nbd2 O-O 11. Nb3 Nbd7 12. Bd2 Ne4 13. Rfc1 Nxd2 14. Nfxd2 Bd6
15. Bd3 Qh4 16. g3 Qd8 17. Be4 Bxe4 18. Nxe4 Nf6 19. Nxf6+ Qxf6 20. Nc5 Qe7 21.
Qc4 e5 22. d5 f5 23. Ne6 Rf7 24. Qc6 Ra7 25. Rc4 f4 26. exf4 exf4 27. Nxf4 Bxf4
28. Rxf4 Rxf4 29. gxf4 Kf8 30. Kf1 Qe4 31. Qc5+ Kf7 32. Qxa7 Qh1+ 33. Ke2 Qxa1
34. Qxc7+ Kg6 35. Qb6+ Kh5 36. Qxb4 Qb1 37. d6 Qc2+ 38. Ke3 Qc1+ 39. Kd4 Qxf4+
40. Kc5 Qxf2+ 41. Qd4 Qc2+ 42. Kb6 Qb3+ 43. Kxa6 Qb8 44. d7 Qa8+ 45. Kb5 Qb7+
46. Kc4 Qa6+ 47. Kb4 Qb7+ 48. Ka3 Qf3+ 49. b3 Qf8+ 50. Ka4 Qd8 51. a6 g5 52. a7
h6 53. Qd5 Qf6 54. a8=Q Qa1+ 55. Kb5 Qf1+ 56. Kb6 Qf2+ 57. Kc7 Qf4+ 58. Qd6
Qc1+ 59. Qac6 1-0

[Event "FIDE Open World Blitz 2021"]
[Site "Warsaw"]
[Date "2021.12.29"]
[Round "10.49"]
[White "Kosakowski, Jakub"]
[Black "Demidov, Mikhail"]
[Result "0-1"]
[WhiteElo "2340"]
[BlackElo "2592"]
[Annotator "ChessBase"]
[PlyCount "64"]
[EventDate "2021.12.29"]
[EventType "swiss"]
[EventCountry "POL"]
[Tiebreak "Cut1 Buchholz"]
[SourceTitle "playchess.com"]
[Source "ChessBase"]
[SourceQuality "1"]

1. e4 g6 2. d4 Bg7 3. Nc3 a6 4. Be3 b5 5. Qd2 Bb7 6. f3 d6 7. h4 h5 8. Nh3 Nd7
9. Ng5 Ngf6 10. O-O-O e6 11. Kb1 Qe7 12. Qf2 Nb6 13. d5 b4 14. Ne2 exd5 15. Nf4
dxe4 16. Bxb6 cxb6 17. Bc4 d5 18. Nxd5 Nxd5 19. Bxd5 Bxd5 20. Rxd5 e3 21. Qe2
O-O 22. Ne4 f5 23. Ng5 Qf6 24. c3 bxc3 25. Rc1 Rac8 26. Rc2 cxb2 27. Rd7 Qe5
28. Qd3 e2 29. Qb3+ Kh8 30. Nf7+ Kh7 31. Ng5+ Kh6 32. Nf7+ Rxf7 0-1

[Event "FIDE Open World Blitz 2021"]
[Site "Warsaw"]
[Date "2021.12.29"]
[Round "10.50"]
[White "Sankalp, Gupta"]
[Black "Van Foreest, Jorden"]
[Result "0-1"]
[WhiteElo "2323"]
[BlackElo "2566"]
[Annotator "ChessBase"]
[PlyCount "114"]
[EventDate "2021.12.29"]
[EventType "swiss"]
[EventCountry "POL"]
[Tiebreak "Cut1 Buchholz"]
[SourceTitle "playchess.com"]
[Source "ChessBase"]
[SourceQuality "1"]

1. d4 d5 2. Nf3 Nf6 3. c3 g6 4. Bf4 Bg7 5. e3 O-O 6. Nbd2 b6 7. h3 Bb7 8. Bd3
c5 9. O-O Nc6 10. Ne5 Nxe5 11. Bxe5 e6 12. Qe2 a5 13. Bb5 Qe7 14. a4 Rfc8 15.
Rac1 Ne8 16. Bxg7 Kxg7 17. dxc5 Rxc5 18. Bxe8 Qxe8 19. Qd1 Rac8 20. Qb3 b5 21.
axb5 Qxb5 22. Qa3 Qb6 23. Rb1 Ba6 24. Rfc1 Bd3 25. Ra1 Rb8 26. b3 Kg8 27. Nf3
Be4 28. Nd4 e5 29. Ne2 Bd3 30. Ng3 h5 31. Nf1 Bxf1 32. Kxf1 Rb5 33. Kg1 Qc5 34.
Qxc5 Rxc5 35. Ra3 Rbc8 36. Rca1 Rxc3 37. Rxa5 Rd3 38. Ra8 Rxa8 39. Rxa8+ Kg7
40. Rb8 Rd1+ 41. Kh2 Kf6 42. Kg3 Kf5 43. Kf3 Rd2 44. g4+ hxg4+ 45. hxg4+ Kg5
46. b4 Rd1 47. b5 e4+ 48. Ke2 Rb1 49. b6 Kxg4 50. b7 g5 51. Kd2 Kf3 52. Kc2 Rb5
53. Kc3 Kxf2 54. Kd4 Kf3 55. Rg8 Rxb7 56. Rxg5 Rb4+ 57. Kc5 Ra4 0-1

[Event "FIDE Open World Blitz 2021"]
[Site "Warsaw"]
[Date "2021.12.29"]
[Round "10.51"]
[White "Halkias, Stelios"]
[Black "Murzin, Volodar"]
[Result "0-1"]
[WhiteElo "2575"]
[BlackElo "2519"]
[Annotator "ChessBase"]
[PlyCount "120"]
[EventDate "2021.12.29"]
[EventType "swiss"]
[EventCountry "POL"]
[Tiebreak "Cut1 Buchholz"]
[SourceTitle "playchess.com"]
[Source "ChessBase"]
[SourceQuality "1"]

1. Nf3 Nf6 2. c4 g6 3. Nc3 Bg7 4. e4 d6 5. d4 O-O 6. Be2 e5 7. Be3 Ng4 8. Bg5
f6 9. Bh4 Nc6 10. d5 Ne7 11. Nd2 Nh6 12. f3 g5 13. Bf2 f5 14. h3 Ng6 15. g4
fxg4 16. hxg4 Nf4 17. Bf1 Nf7 18. Qc2 b6 19. O-O-O a5 20. Re1 Bd7 21. Kb1 Qf6
22. Nd1 h6 23. Ne3 Rfe8 24. Nf5 Bf8 25. Be3 Qg6 26. Rh2 Rab8 27. Ka1 c6 28.
dxc6 Bxc6 29. Nb1 Rec8 30. Nc3 Bd7 31. Rd1 Be6 32. Qb3 Qf6 33. Rhd2 Qd8 34. Qa4
Kh7 35. Nb5 Qe8 36. Qb3 Rd8 37. Rc1 Kg8 38. Bd3 Qc6 39. Bf1 Rd7 40. Rdd1 Kh7
41. Qc2 Kg8 42. b3 Rbd8 43. Nc3 Rb8 44. Nd5 Rdd8 45. Qh2 Qb7 46. Qd2 Kh8 47.
Qb2 Qa6 48. Nxf4 gxf4 49. Bxf4 a4 50. c5 Qa5 51. cxd6 axb3 52. a3 Ra8 53. Kb1
Bxf5 54. gxf5 Bxd6 55. Rd5 Qxa3 56. Qxa3 Bxa3 57. Rc7 Rxd5 58. exd5 exf4 59.
Rxf7 Re8 60. Be2 Rxe2 0-1

[Event "FIDE Open World Blitz 2021"]
[Site "Warsaw"]
[Date "2021.12.29"]
[Round "10.52"]
[White "Ghaem Maghami, Ehsan"]
[Black "Janik, Igor"]
[Result "0-1"]
[WhiteElo "2520"]
[BlackElo "2508"]
[Annotator "ChessBase"]
[PlyCount "76"]
[EventDate "2021.12.29"]
[EventType "swiss"]
[EventCountry "POL"]
[Tiebreak "Cut1 Buchholz"]
[SourceTitle "playchess.com"]
[Source "ChessBase"]
[SourceQuality "1"]

1. c4 e6 2. Nf3 d5 3. g3 dxc4 4. Qa4+ Nd7 5. Qxc4 a6 6. Bg2 b5 7. Qc6 Rb8 8.
O-O Bb7 9. Qc2 Ngf6 10. Nc3 Be7 11. d3 O-O 12. Bf4 Rc8 13. a4 b4 14. Nb1 c5 15.
Bg5 Nb6 16. Nbd2 h6 17. Bxf6 Bxf6 18. a5 Nd5 19. e4 Ne7 20. Nc4 Bd4 21. Rfc1
Rc7 22. Nb6 Nc8 23. Na4 Na7 24. Qb3 Nb5 25. Rc4 Rc8 26. Rac1 Qxa5 27. Nxc5 Bxc5
28. Rxc5 Nd4 29. Rxa5 Rxc1+ 30. Bf1 Nxb3 31. Ra4 a5 32. Kg2 Bc6 33. Ra2 a4 34.
Ne5 Bb5 35. Nc4 Bxc4 36. dxc4 Ra8 37. c5 Rxf1 38. Kxf1 Nxc5 0-1